Responses for Show #8694 - Thursday, July 28, 2022

Contestants

[<< previous game]

Katrina Hill, a non-profit professional from Alexandria, Virginia

Heidi Reese, a patent examiner originally from Bay City, Michigan

Brianne Barker, a biology professor from Madison, New Jersey (whose 1-day cash winnings total $11,700)

[next game >>]

Jeopardy! Round responses

THE INDUSTRIAL REVOLUTION
YOU CALL YOURSELF A FAN?
A FASHIONABLE CATEGORY
40 YEARS OF USA TODAY
TEAM RHYMES
(Ken: Each correct response will rhyme with the word "team".)
WEST VIRGINIA & REGULAR VIRGINIA
    $200 14
the Thames

Brianne
    $200 1
Cheeseheads

Brianne
    $200 6
gaucho pants

Heidi
    $200 26
Princess Grace of Monaco (Grace Kelly)

Heidi
    $200 16
beam

Katrina
    $200 11
the Pentagon

Katrina
    $400 15
yarn

Brianne
    $400 2
the New Orleans Saints

Brianne
    $400 7
houndstooth

Heidi
    $400 27
color

Heidi
    $400 17
a scheme

Brianne
    $400 12
Mountaineers

Katrina
    $600 23
coal

Brianne
    $600 3
(Katrina: What is UNC?)
...
(Ken: Katrina's not making many friends in North Carolina right now.)
[Laughter]

Duke

BrianneKatrina
    $600 8
a cardigan

Brianne
    $600 28
Augusta

Brianne
    $600 18
a regime

Triple Stumper
    $600 13
(Brianne: What is the Blue Ridge Parkway?)

the Appalachian Trail

BrianneHeidi
    $800 24
the telegraph

Brianne
    $800 4
Dale Earnhardt Jr.

Brianne
    $800 9
sweetheart

Brianne
    $800 29
the Lampoon

Brianne
    $800 19
the Gulf Stream

Brianne
    $800 21
Harpers Ferry

Katrina
    $2,000 25
(Brianne: What are sewing machines?)

the Luddites

Brianne
    $1000 5
(Ken: [To Brianne] You ran the category.)
[Applause]

Arnie's Army

Brianne
    $1000 10
cottage

Katrina
    $1000 30
the NSA

Brianne
    $1000 20
bream

Katrina
    $1000 22
(Chuck) Yeager

Heidi

Scores at the first commercial break (after clue 15):

Brianne Heidi Katrina
$4,400 $1,200 $1,000

Scores at the end of the Jeopardy! Round:

Brianne Heidi Katrina
$7,400 $2,800 $3,000

Double Jeopardy! Round responses

AUTHORS
GO IVth & RULE
PLANT PARTS
LOCO FOR LOGOS
STARTS WITH 2 VOWELS
WHAT'S THE NAME OF THAT SONG?
    $400 6
(Ken: Either is correct.)

Charles Dodgson (or Lewis Carroll)

Heidi
    $400 26
pope

Brianne
    $400 11
a bud

Katrina
    $400 16
(Ken: [*] flavors, yeah.)

31

Katrina
    $400 2
eaves

Brianne
    $400 21
(Brianne: What is "Dancing Queen"?)

"Fernando"

Brianne
Triple Stumper
    $2,500 7
Alabama

Heidi
    $800 27
Baghdad

Brianne
    $800 12
a cactus

Katrina
    $800 17
Acura

Triple Stumper
    $800 3
(Ken: Yes, from the biology professor.)

iodine

Brianne
    $800 22
"Jolene"

Brianne
    $1200 8
spelled her name in lowercase

Triple Stumper
    $1200 28
the Maccabees

Heidi
    $1200 13
pollen

Brianne
    $1200 18
John Deere

Katrina
    $1200 1
euthanasia

Katrina
    $1200 23
"Alejandro"

Katrina
    $1600 9
Madeleine L'Engle

Katrina
    $1600 29
(Brianne: What is Hawaii?)
(Heidi: What is Fiji?)

Tahiti

BrianneHeidiKatrina
    $1600 14
a corolla

Katrina
    $1600 19
Lacoste

Katrina
    $1600 4
(Ken: Yeah, starts with 3 vowels.)

aioli

Katrina
    $1600 24
(Ken: One of my favorites, "[*], you're a fine girl".)

"Brandy"

Triple Stumper
    $2000 10
Philip K. Dick

Brianne
    $2000 30
the Bourbons

Heidi
    $2,000 15
(Ken: You kept the PLANTS PARTS Daily Double out of the hands of a bio professor, Katrina. How much will you wager?)
(Katrina: I don't like it, so let's do $2,000.)
(Ken [Laughs] I'm sorry if you don't like it, but now you're stuck with it.)
...
(Ken: See, you didn't have to worry.)

a Venus flytrap

Katrina
    $2000 20
Unilever

Katrina
    $2000 5
(Ken: That's [*] of the Aeneid fame.)

Aeneas

Triple Stumper
    $2000 25
"Cecilia"

Brianne

Scores at the end of the Double Jeopardy! Round:

Brianne Heidi Katrina
$13,800 $7,300 $20,200

[wagering suggestions for these scores]

Final Jeopardy! Round responses

COUNTRIES OF EUROPE
(Ken: [To Heidi] Yes, Charlemagne is credited with establishing what we now know as a tiny little country in the Pyrenees between France and Spain.)
HeidiWhat is Andorra?
$7,200
BrianneWhat is Portugal?
$13,795
KatrinaWhat is andorra?
$7,401
Andorra

Final scores:

Brianne Heidi Katrina
$5 $14,500 $27,601
3rd place: $1,000 2nd place: $2,000 New champion: $27,601

Game dynamics:

Coryat scores:

Brianne Heidi Katrina
$15,800 $5,600 $20,200
24 R,
4 W
(including 1 DD)
10 R
(including 1 DD),
1 W
19 R
(including 1 DD),
1 W

Combined Coryat: $41,600

[game clues] [game scores] [suggest correction]

Game tape date: 2022-05-17
The J! Archive is created by fans, for fans. Scraping, republication, monetization, and malicious use prohibited; this site may use cookies and collect identifying information. See terms. The Jeopardy! game show and all elements thereof, including but not limited to copyright and trademark thereto, are the property of Jeopardy Productions, Inc. and are protected under law. This website is not affiliated with, sponsored by, or operated by Jeopardy Productions, Inc. Join the discussion at JBoard.tv.